[Event "AUT-ch"]
[Site "Vienna"]
[Date "2022.08.19"]
[Round "9"]
[White "Steindl, Johannes"]
[Black "Menezes, Christoph"]
[Result "1-0"]
[WhiteElo "2312"]
[BlackElo "2414"]
[PlyCount "65"]
[EventDate "2022.08.12"]
[EventType "swiss"]
[EventRounds "9"]
[EventCountry "AUT"]
[SourceTitle "CBM 209 Extra"]
[Source "ChessBase"]
[SourceDate "2022.09.30"]
[SourceVersion "1"]
[SourceVersionDate "2022.09.30"]
[SourceQuality "1"]

1. e4 e5 2. Nf3 Nc6 3. Bb5 Nf6 4. d3 Bc5 5. Bxc6 dxc6 6. 0-0 Qe7 7. Bg5 h6 8. Bh4 Bg4 9. Nbd2 g5 10. Bg3 Nd7 11. c3 f6 12. Nc4 h5 13. h4 gxh4 14. Bxh4 0-0-0 15. b4 Bd6 16. Qa4 Kb8 17. Nfd2 Be2 18. Rfe1 Bxd3 19. Ne3 Ba6 20. Qb3 Rhf8 21. Nf5 Qf7 22. c4 Be7 23. b5 Nc5 24. Qb4 cxb5 25. cxb5 Bxb5 26. Nxe7 Qxe7 27. Nb3 Bc6 28. Nxc5 Ka8 29. Rac1 Rg8 30. Qb3 Rg4 31. g3 Rdg8 32. Ne6 Qf7 33. Rxc6 1-0

[Event "AUT-ch"]
[Site "Vienna"]
[Date "2022.08.17"]
[Round "7"]
[White "Steindl, Johannes"]
[Black "Bauer, Thomas"]
[Result "1-0"]
[WhiteElo "2312"]
[BlackElo "2190"]
[PlyCount "83"]
[EventDate "2022.08.12"]
[EventType "swiss"]
[EventRounds "9"]
[EventCountry "AUT"]
[SourceTitle "CBM 209 Extra"]
[Source "ChessBase"]
[SourceDate "2022.09.30"]
[SourceVersion "1"]
[SourceVersionDate "2022.09.30"]
[SourceQuality "1"]

1. e4 c5 2. Nf3 Nc6 3. d4 cxd4 4. Nxd4 Nf6 5. Nc3 d6 6. Bg5 e6 7. Qd3 Be7 8. 0-0-0 0-0 9. f4 Qb6 10. Nxc6 bxc6 11. Be2 a5 12. Qg3 Rb8 13. b3 Qc5 14. Kb2 Kh8 15. e5 dxe5 16. fxe5 Nd5 17. Bxe7 Qxe7 18. Na4 Qa7 19. Rhe1 Rb4 20. c3 Re4 21. Bd3 Rf4 22. Bc2 Qf2 23. Qd3 Rh4 24. Re2 Qa7 25. g3 Rh6 26. c4 Ba6 27. Qd4 Qa8 28. Red2 Nb4 29. Qd8 Nd5 30. Qxa8 Rxa8 31. cxd5 cxd5 32. Nc5 Bb5 33. Bd3 Be8 34. a4 Rh5 35. Re1 g6 36. Ka3 Rb8 37. Na6 Rb6 38. Nc7 Bc6 39. Rc2 f6 40. exf6 e5 41. f7 Kg7 42. Rf1 1-0

[Event "AUT-ch"]
[Site "Vienna"]
[Date "2022.08.13"]
[Round "2"]
[White "Steindl, Johannes"]
[Black "Oberhuber, Alexander"]
[Result "1/2-1/2"]
[WhiteElo "2312"]
[BlackElo "2062"]
[PlyCount "153"]
[EventDate "2022.08.12"]
[EventType "swiss"]
[EventRounds "9"]
[EventCountry "AUT"]
[SourceTitle "CBM 209 Extra"]
[Source "ChessBase"]
[SourceDate "2022.09.30"]
[SourceVersion "1"]
[SourceVersionDate "2022.09.30"]
[SourceQuality "1"]

1. e4 c5 2. Nf3 g6 3. d4 cxd4 4. Nxd4 Bg7 5. c4 Nc6 6. Be3 Nf6 7. Nc3 0-0 8. Nc2 d6 9. Be2 a5 10. 0-0 a4 11. h3 Qa5 12. Qd2 Be6 13. Rab1 Nd7 14. Na3 Rfc8 15. Rfc1 Nc5 16. f3 Qd8 17. Nab5 Na5 18. Na3 h5 19. Qd1 Nc6 20. Nab5 Qf8 21. Qf1 Kh7 22. b4 axb3 23. axb3 Nb4 24. Qd1 Qh8 25. Qd2 Qf8 26. Nd4 Bh6 27. f4 Bd7 28. Nf3 Bc6 29. Rb2 Nba6 30. Qc2 Nb4 31. Qd2 Nba6 32. Bd3 Nxd3 33. Qxd3 Nc5 34. Qc2 Ra3 35. Re1 Ne6 36. Qd2 Nc5 37. Qc2 Ne6 38. f5 Bxe3+ 39. Rxe3 Qh6 40. Re1 Nf8 41. Nd5 Re8 42. h4 Qg7 43. Rbb1 Nd7 44. Qf2 Nf6 45. Ng5+ Kg8 46. fxg6 fxg6 47. Ne6 Qf7 48. Ndc7 Rc8 49. Ng5 Qf8 50. Nce6 Qe8 51. Qb2 Ra5 52. Rf1 Re5 53. Rf4 Qd7 54. Nd4 Bxe4 55. Rd1 Bf5 56. b4 Ng4 57. Qb3 e6 58. Nxf5 gxf5 59. c5 d5 60. Rfd4 Rf8 61. b5 f4 62. Qb1 Qg7 63. R4d3 Ne3 64. Re1 Qg6 65. Rdxe3 Qxb1 66. Rxe5 Qxb5 67. Nxe6 Rf6 68. Rg5+ Kh7 69. Rxh5+ Kg6 70. Rg5+ Kh6 71. Ree5 Qb1+ 72. Kh2 f3 73. Rh5+ Kg6 74. Rhg5+ Kh6 75. Rh5+ Kg6 76. Rhg5+ Kh6 77. Rh5+ 1/2-1/2